000 00670nam a2200229 u 4500
005 20220916063613.0
008 141021s2007 r 000 0 eng d
020 _a1403486603
035 _aUPN01000200458
049 _aI
050 4 _aQC921.35
_bM3.6
100 1 _aMayer, Cassie
_932877
245 1 0 _aNubes /
_cCassie Mayer.
260 _aIllinois, EUA :
_bHeinemann,
_cc2007.
300 _a24 p. :
_bprincipalmente il. col.
440 0 _aObservemos el tiempo.
_pBellota
534 _pTítulo original:
_tClouds
650 4 _aNUBES -
_vLITERATURA INFANTIL
_922289
650 7 _aLibros ilustrados para niños
_2
_921365
905 _aInfantil
999 _c172559
_d172559